Дело о выкупе земельных наделов временнообязанными крестьянами графини М.Е. Толстой, Е.А. Кошкаровой и князя В.И. Волконского се...

Доступно только в Электронных читальных залах Найти на картеНа карте
RUSMARC
00004229nmc2a2200000 x 450
0011a5a3b4a-2796-4ee8-be26-22351c4d293f
00520170920213110.0
100##$a20140402l18831884k l0rusy0189 ca
1010#$arus
102##$aRU
2001#$aДело о выкупе земельных наделов временнообязанными крестьянами графини М.Е. Толстой, Е.А. Кошкаровой и князя В.И. Волконского сельца Кузнечика Малоархангельского уезда Орловской губернии
$j10 мая 1883 г. - 3 июля 1884 г.
251##$cДело
300##$aДело
300##$aОриг. заголовок дела: Дело графини Толстой М.Е., Кошкаровой Е.А. и князя Волконского В.И. Орловской губернии Малоархангельского уезда сельца Кузнечика. 10 мая 1883 г. - 3 июля 1884 г
801#0$aRU
$bРГИА
$c20140402
$gRCR
801#1$aRU
$bГлавНИВЦ
$c20140402
$2rusmarc
801#2$aRU
$bПБ им. Б.Н. Ельцина
$c20170920
$gRCR
$2rusmarc
850##$aРГИА
852##$aРГИА
$eФедеральное казенное учреждение "Российский государственный исторический архив" (РГИА)
$j2096
937##$hРГИА
$d11074943
$aASBIBLIO_SCAN
462#0$10012327ab3a-0548-404e-b4cb-e37355ac5039
$12001
$a1863-1889 гг.
$1251
$cОпись
$1852
$j26
461#0$10018ef30ad5-ff5c-4840-a721-74c62a200f95
$12001
$aГлавное выкупное учреждение Министерства финансов
$1251
$cФонд
$1852
$j577
215##$a50 л.
$d36,5х26 см
371##$aДокумент не является опубликованным и широко распространяемым
105##$ay###
1222#$ad
5171#$aДело графини Толстой М.Е., Кошкаровой Е.А. и князя Волконского В.И. Орловской губернии Малоархангельского уезда сельца Кузнечика. 10 мая 1883 г. - 3 июля 1884 г.
035##$a1a5a3b4a-2796-4ee8-be26-22351c4d293f
856##$uhttp://readingroom.main.prlib.ru/item.aspx?id_node=n105093041&mode=full
Формат отображения